00790pam a2200205 a 4500020002800000040000800028082002600036100002300062245007400085260003700159300002600196650002800222650003100250700001600281856006200297856005400359942000700413999001700420952014700437 a0070410178 (alk. paper) cDLC00a150 MCG 1995 A001 Or.1 aSchneider, Kirk J.14aThe psychology of existence :ban integrative, clinical perspective / aNew York :bMcGraw-Hill,cc1995. axix, 330 p. ;c23 cm. 0aExistential psychology. 0aExistential psychotherapy.1 aMay, Rollo.42uhttp://www.loc.gov/catdir/description/mh022/94019497.html41uhttp://www.loc.gov/catdir/toc/mh022/94019497.html cEK c13509d13509 0010406150_000000000000000_MCG_1995_A001_OR70964554aLBAbLBAcA001d2017-08-26o150 MCG 1995 A001 Or.pA15936r2017-08-26w2017-08-26yEK